| 000 | 00511nam a2200193 i 4500 | ||
|---|---|---|---|
| 001 | bgj | ||
| 100 | 1 | _aBRYANT, Arthur. | |
| 245 | 1 | 0 |
_aThe Age of Chivalry : _bthe Atlantic saga / _cSir Arthur Bryant. |
| 260 |
_aNew York : _bNew American Library, _c1970. |
||
| 300 |
_a576 pp ; _c21 cm. |
||
| 490 | 1 | _aPlume Books | |
| 505 | _aIncludes index. | ||
| 650 | 9 |
_aGreat Britain _xHistory |
|
| 830 | _aPlume Books | ||
| 040 | _cBPK | ||
| 041 | 0 | _aeng | |
| 942 | _cKS | ||
| 008 | s uk f |000 0 eng | ||
| 999 |
_c47492 _d47492 |
||
| 856 |
_uhttp://koha.tu.koszalin.pl/cgi-bin/koha/opac-detail.pl?biblionumber=47492 _yKatalog online BPK |
||